Industrial disputes in India (Record no. 435059)

000 -LEADER
fixed length control field 00337cam a22001217a 4500
008 - FIXED-LENGTH DATA ELEMENTS--GENERAL INFORMATION
fixed length control field 180718b1965 xxu||||| |||| 00| 0 eng d
082 ## - DEWEY DECIMAL CLASSIFICATION NUMBER
Classification number R86x54 Sh86
100 ## - MAIN ENTRY--PERSONAL NAME
Personal name Vaid, K.N.
245 ## - TITLE STATEMENT
Title Industrial disputes in India
Statement of responsibility, etc. by K.N. Vaid
260 ## - PUBLICATION, DISTRIBUTION, ETC.
Place of publication, distribution, etc. New Delhi
Name of publisher, distributor, etc. Shri Ram Centre Press
Date of publication, distribution, etc. 1965
300 ## - PHYSICAL DESCRIPTION
Extent 36p.
650 ## - SUBJECT ADDED ENTRY--TOPICAL TERM
Topical term or geographic name entry element Labour disputes-India
Holdings
Withdrawn status Lost status Damaged status Not for loan Permanent Location Current Location Date acquired Full call number Barcode Date last seen Price effective from Koha item type
        Indian Institute of Public Administration Indian Institute of Public Administration 2010-02-22 R86x54 Sh86 37404 2018-07-21 2018-07-21 Book

Powered by Koha